Costing
Saved in:
| Main Author: | |
|---|---|
| Format: | Book |
| Language: | English |
| Published: |
London
DP Publications Limited
1991
|
| Edition: | 3. ed. |
| Series: | <The> Complete Course Text
|
| Subjects: | |
| Tags: |
No Tags, Be the first to tag this record!
|
MARC
| LEADER | 00000nam a2200000 4500 | ||
|---|---|---|---|
| 001 | c004449 | ||
| 005 | 20221206114507.0 | ||
| 020 | |a 1-870941-34-9 | ||
| 041 | 0 | |a eng | |
| 044 | |a GB | ||
| 245 | 1 | 0 | |a Costing |c Terry Lucey |
| 250 | |a 3. ed. | ||
| 264 | 1 | |a London |b DP Publications Limited |c 1991 | |
| 300 | |a 609 s. | ||
| 490 | 1 | |a <The> Complete Course Text | |
| 830 | 0 | |a <The> Complete Course Text | |
| 610 | 2 | 0 | |a kalkulácia |
| 610 | 2 | 0 | |a materiál |
| 610 | 2 | 0 | |a práca |
| 610 | 2 | 0 | |a náklady režijné |
| 610 | 2 | 0 | |a účtovanie nákladov |
| 610 | 2 | 0 | |a náklady |
| 610 | 2 | 0 | |a kalkulácia nákladov |
| 610 | 2 | 0 | |a plánovanie |
| 610 | 2 | 0 | |a kontrola |
| 610 | 2 | 0 | |a rozhodovanie |
| 610 | 2 | 0 | |a analýza nákladov a výnosov |
| 610 | 2 | 0 | |a investície |
| 610 | 2 | 0 | |a kapitál |
| 610 | 2 | 0 | |a rozpočtovníctvo |
| 610 | 2 | 0 | |a využitie počítačov |
| 100 | 1 | |a Lucey, Terry | |